000 00660nam a22001697a 4500
008 160603b xxu||||| |||| 00| 0 eng d
082 _22014
_aUT 0546
_bL13
100 _99950
_aLafuente, June Apple M.
245 _aHealth status among athlete-students under special program in sports curriculum and their academic performance in DICNHS/
_cJune Apple M. Lafuente [and three others].
260 _aDigos City:
_bUMDC
_cNovember 2014.
300 _a40 pages;
_c29.5 cm.
650 0 _99947
_aEducation
_vMAPEH
_xUndergraduate thesis.
700 _99944
_aMatura, Roselyn R.
700 _99945
_aCubillan, Sweet G.
700 _99946
_aSala, Jemax S.
942 _2ddc
_cUT
999 _c2983
_d2983